[Event "Olympiad qual Quindio 3rd"]
[Site "Armenia"]
[Date "2018.05.12"]
[Round "2.3"]
[White "Sanchez, Luis Carlos"]
[Black "Salazar Florez, Kleverman"]
[Result "0-1"]
[WhiteElo "1644"]
[BlackElo "1585"]
[PlyCount "54"]
[EventDate "2018.05.12"]
[EventType "swiss"]
[EventRounds "5"]
[EventCountry "COL"]
[SourceTitle "EXT 2024"]
[Source "ChessBase"]
[SourceDate "2023.10.10"]
[SourceVersion "1"]
[SourceVersionDate "2023.10.10"]
[SourceQuality "1"]

1. g4 d5 2. Bg2 c5 3. c4 d4 4. Qb3 Qc7 5. d3 Nc6 6. h3 e5 7. e3 Rb8 8. Ne2 h6 9. exd4 cxd4 10. Na3 a6 11. f4 Bd6 12. 0-0 Nf6 13. Bd2 0-0 14. g5 hxg5 15. fxg5 Nd7 16. g6 Nc5 17. Qc2 fxg6 18. b4 Ne6 19. b5 Ne7 20. Qb2 Nc5 21. Bd5+ Nxd5 22. cxd5 Bxh3 23. Rxf8+ Rxf8 24. Bb4 Nxd3 25. Bxd6 Qxd6 26. Qb3 e4 27. Nc2 Rf2 0-1

[Event "Quindio-ch"]
[Site "Quindio"]
[Date "2016.09.16"]
[Round "3.8"]
[White "Alzate, Uberley"]
[Black "Sanchez, Luis Carlos"]
[Result "0-1"]
[WhiteElo "1601"]
[BlackElo "1596"]
[PlyCount "66"]
[EventDate "2016.09.16"]
[EventType "swiss"]
[EventRounds "5"]
[EventCountry "COL"]
[SourceTitle "EXT 2024"]
[Source "ChessBase"]
[SourceDate "2023.10.10"]
[SourceVersion "1"]
[SourceVersionDate "2023.10.10"]
[SourceQuality "1"]

1. Nf3 d5 2. h3 Nc6 3. d4 g6 4. Bf4 Bg7 5. Nc3 Nf6 6. e3 a6 7. Bd3 0-0 8. Ne2 Re8 9. c3 Bd7 10. Qc2 b5 11. g4 b4 12. Ne5 Nxe5 13. dxe5 Ne4 14. Bxe4 dxe4 15. Qxe4 Rb8 16. cxb4 Rb6 17. a3 Bc6 18. Qc4 Bxh1 19. e4 Bg2 20. Rd1 Qa8 21. Be3 Rc6 22. Bc5 Rd8 23. Nf4 Bf3 24. Nd5 Bxd1 25. Nxe7+ Kh8 26. Qxf7 Rxc5 27. f3 Rc1 28. e6 Bxf3+ 29. Kf2 Qa7+ 30. Kg3 Be5+ 31. Kh4 Qf2+ 32. Kg5 Qe3+ 33. Kh4 Qh6# 0-1